000 00905nam a22001935i 4500
001 162572
003 ES-MaACL
005 20251220063022.0
008 020422s1873 sp |||| | spa d
040 _aCAM
_bspa
_cCAM
100 1 _aPrieto, Enrique,
_dm. 1914
_9139960
245 1 4 _aUne petite soirèe
_b: cuadro lírico en un lámina y en verso /
_coriginal de Enrique Prieto ; música del maestro Isidoro Hernández.
260 _aMadrid :
_b[s.n.],
_c1873 (
_fImprenta de Pedro Abienzo)
300 _a35 p. ;
_c20 cm.
500 _aEn port.: Estrenada en el teatro Salon Eslava la noche del 22 de octubre de 1873.
700 1 _aHernández, Isidoro,
_d1847-1888
_9127916
852 _aES-MaACL
_jF-8581(4)
_z-- Enc. pasta española
_q-- Falto de la cub. original
_z-- Enc. en un vol. facticio formando parte de la col. facticia "Teatro español moderno", vol. 34
999 _c162572
_d162572